| 000 | 00425nam a2200181Ia 4500 | ||
|---|---|---|---|
| 005 | 20250620020641.0 | ||
| 008 | 240331s9999 xx 000 0 und d | ||
| 020 | _a9789551468583 | ||
| 082 |
_a323 _bIVA |
||
| 100 | _aIvan, V | ||
| 245 | 0 | _aDeshapalanaye Paula ha Kulaya | |
| 260 |
_aMaharagama _bRavaya publishers _c2011 |
||
| 300 | _a200 p ., | ||
| 650 | _aFamily | ||
| 650 | _aCaste | ||
| 650 | _aPolitics | ||
| 942 | _cL | ||
| 999 |
_c5754 _d5754 |
||